00840nam a2200253Ia 450000500170000000800410001704000190005804100120007708200150008910000200010424500550012426000390017930000230021844000220024150400500026363000390031365000420035265100250039470000330041985000100045294200070046299900160046995201010048520240113115010.0131103s9999 xx 000 0 und d aLoreto College aEnglish a327.1bBUS aBuss, Claude A. aSoutheast Asia and the world todaycClaude A. Buss aPrincetonbVan Nostrand Co.cc1958 a189 p.b ill.,maps aAn Anvil original aIncludes bibliographical references and index aAsia (South-East) - Foreign Policy aPolitics - International Relations -  aPolitical Science -  aSnyder, Louis L., series ed. aLCLIB cBK c1522d52001 00102ddc4070aMAINbMAINd2013-11-04l0o327.1 BUS 11768pB2155r2013-11-04w2013-11-04yBKf